Angels of darkness
| Main Author: | |
|---|---|
| Format: | Book |
| Published: |
Nottingham :
Black Library ,
2015
|
| Subjects: |
MARC
| LEADER | 00000cam a2200000 7i4500 | ||
|---|---|---|---|
| 001 | 0000197321 | ||
| 005 | 20160120.0 | ||
| 020 | |a 9781849708654 | ||
| 090 | 0 | 0 | |a F |b THO |
| 100 | 1 | |a Thorpe, Gav | |
| 245 | 1 | 0 | |a Angels of darkness |c Gav Thorpe |
| 260 | |a Nottingham : |b Black Library , |c 2015 | ||
| 300 | |a 287p. ; |c 20cm. | ||
| 650 | 0 | |a Fiction | |
| 999 | |a 00315744 |b BUKU |c PINJAMAN |e PERPUSTAKAAN KOMUNITI PETALING JAYA | ||